| Tag |
First Indicator |
Second Indicator |
Subfields |
| LEADER |
00000cem a22000005a 4500 |
| 001 |
in00001403329 |
| 005 |
20151020055456.0 |
| 006 |
aab j 001 0 |
| 008 |
970204s1995 nju e 1 eng d |
| 010 |
|
|
|a 95077280
|
| 020 |
|
|
|a 0843774037 :
|c $11.95
|
| 035 |
|
|
|a (OCoLC)36320552
|
| 035 |
|
|
|9 AHN4564AM
|
| 040 |
|
|
|a EOW
|c EOW
|d TXA
|d UtOrBLW
|
| 049 |
|
|
|a TXAM
|
| 090 |
|
|
|a G1021
|b .H2454 1995
|
| 092 |
|
|
|a 912
|
| 110 |
2 |
|
|a Hammond Incorporated.
|
| 245 |
1 |
0 |
|a Basic map skills /
|c project educational editor, Alma Graham ; cartographic editor, Robert Thomas.
|
| 246 |
3 |
0 |
|a Hammond basic map skills.
|
| 246 |
1 |
0 |
|a Discovering maps : a children's world atlas.
|
| 250 |
|
|
|a Rev. ed.
|
| 264 |
|
1 |
|a Maplewood, N.J. :
|b Hammond Incorporated,
|c [1995]
|
| 264 |
|
4 |
|c ©1995
|
| 300 |
|
|
|a 1 atlas (80 pages) :
|b illustrations, maps ;
|c 29 cm.
|
| 336 |
|
|
|a cartographic image
|b cri
|2 rdacontent
|
| 337 |
|
|
|a unmediated
|b n
|2 rdamedia
|
| 338 |
|
|
|a volume
|b nc
|2 rdacarrier
|
| 500 |
|
|
|a At head of title: Hammond.
|
| 500 |
|
|
|a Includes index.
|
| 520 |
|
|
|a An atlas introducing basic map skills through maps ranging from the Adriatic Sea to Zimbabwe.
|
| 500 |
|
|
|a Cover title: Discovering maps : a children's world atlas.
|
| 500 |
|
|
|a Cartographic material.
|
| 650 |
|
0 |
|a Atlases
|x Juvenile literature.
|
| 650 |
|
1 |
|a Atlases.
|
| 650 |
|
1 |
|a Maps.
|
| 700 |
1 |
|
|a Graham, Alma.
|
| 948 |
|
|
|a c:jlg
|
| 999 |
|
|
|a MARS
|
| 999 |
f |
f |
|s 430c2d93-2e47-38a0-946e-72d6d8c846ed
|i 528f0eef-3f44-361b-b621-8436b12c796d
|t 0
|
| 952 |
f |
f |
|p normal
|a Texas A&M University
|b College Station
|c Sterling C. Evans Library
|d Evans: Maps (2nd floor)
|t 0
|e G1021 .H2454 1995
|h Library of Congress classification
|i unmediated -- volume
|m A14822462178
|
| 998 |
f |
f |
|a G1021 .H2454 1995
|t 0
|l Evans: Maps (2nd floor)
|